00585 2200217 4500001002100000005001500021035002000036007000300056008004100059020001500100082001100115084001700126100001400143245007900157250001000236260004000246300004400286700001800330990001000348990000900358INLIS00000000001238920220629114332 a0010-0622000899ta220629 g 0 ind  a9793084502 a639.31 a639.31 KHA b0 aKHAIRUMAN1 aBudi daya lele lokal secara intensif /cKhairuman,Amd dan Ir. Khairul Amri acet.2 aJakarta :bAgroMedia Pustaka,c2002 aviii, 64 hlm :bilus. ;c23,5 x 15,5 cm0 aKHAIRUL, Amri a552Aa a552b